00504nam a2200193 a 4500001001300000003000900013005001700022008004100039020000800080082001600088100002700104245002200131260003800153300000800191500003500199505002700234650002200261700002700283nice12345678IN_TiNIC20260116011535.0050524s1946 hyda grs 000 0 03g  ac000a297.63bARZ aArzanjani, Abdul Wahab aRasool-Us-Saqlain aHyderabadbSafa Darul Kutubc1946 a31p aincludes index and biblioraphy2 aPlus Some Other Tracts aMuhammad, Prophet1 aArzanjani, Abdul Wahab